| 000 | 00604nam a2200181Ia 4500 | ||
|---|---|---|---|
| 003 | GCL | ||
| 008 | 140319s9999 xx 000 0 ara d | ||
| 040 |
_aGCL / _cGCL |
||
| 082 | 0 | 4 |
_a001.5 _bا ا |
| 100 | 1 | _aابراهيم عبدالله المسلمى | |
| 245 | 1 | 0 |
_aالاعلام الاقليمى: دراسة نظرية و ميدانية / _cابراهيم عبدالله المسلمى |
| 300 | _a335 ص | ||
| 490 |
_aدراسات فى الاعلام _v0 |
||
| 650 | 0 | 4 | _aالاعلام |
| 650 | 0 | 4 | _aالوعى الاجتماعى |
| 650 | 0 | 4 | _aالاعلام الاقليمى |
| 942 |
_2ddc _cBK |
||
| 999 |
_c48328 _d48328 |
||